logo

Bir Sreshtho Munshi Abdur Rouf Library
Jhenaidah Cadet College

রোমিও জুলিয়েট / (Record no. 1048)

MARC details
000 -LEADER
fixed length control field 00764nam a2200229 a 4500
001 - CONTROL NUMBER
JCCL Control Number 1048
003 - CONTROL NUMBER IDENTIFIER
JCCL marc code BD-JhCC
005 - DATE AND TIME OF LATEST TRANSACTION
control field 20220303134022.0
008 - FIXED-LENGTH DATA ELEMENTS--GENERAL INFORMATION
fixed length control field 171014s1984 bg |||| ||a| 000 0 ben d
020 ## - INTERNATIONAL STANDARD BOOK NUMBER
International Standard Book Number 9844100399
035 ## - SYSTEM CONTROL NUMBER
system control number (BD-JhCC)1048
040 ## - CATALOGING SOURCE
Original cataloging agency BD-JhCC
Modifying agency BD-JhCC
041 ## - LANGUAGE CODE
Language code of Book ben
082 ## - DEWEY DECIMAL CLASSIFICATION NUMBER
Classification number 822.33
Author mark and Year SAK 1984
100 ## - MAIN ENTRY--PERSONAL NAME
Personal name শেক্সপীয়র, উইলিয়াম
245 ## - TITLE STATEMENT
Title রোমিও জুলিয়েট /
Statement of responsibility, etc উইলিয়াম শেক্সপীয়র, ড. মফিজ চৌধুরী (অনু.)
260 ## - PUBLICATION, DISTRIBUTION, ETC. (IMPRINT)
Place of publication, distribution, etc ঢাকা :
Name of publisher, distributor, etc মাওলা ব্রfদার্স,
Date of publication, distribution, etc 1984.
300 ## - PHYSICAL DESCRIPTION
Pagination 127 p. :
Dimensions 21 cm.
650 ## - SUBJECT ADDED ENTRY--TOPICAL TERM
Topical term or geographic name as entry element English Drama (Comedy)
Geographic subdivision UK
942 ## - ADDED ENTRY ELEMENTS (KOHA)
Source of classification or shelving scheme Dewey Decimal Classification
Koha item type Books
Koha issues (borrowed), all copies 7
Holdings
Source of classification or shelving scheme Damaged status Not for loan Home library Current library Shelving location Date of accession Cost, normal purchase price Total Checkouts Full call number Barcode Date last seen Date checked out Copy number Koha item type
Dewey Decimal Classification     JCC Rouf Library JCC Rouf Library General Stacks 10/14/2017 100.00 2 822.33 SEXP 1984 2003 06/05/2024 04/30/2024 C-1 Books
Dewey Decimal Classification     JCC Rouf Library JCC Rouf Library General Stacks 11/15/2017 70.00 4 822.33 SAK 1984 4834 09/04/2025 07/15/2025 C-2 Books

JCC Library | Contacts | JCC Home

Last Update on 23 September 2017
Copyright @ 2017-2020 JCC Rouf Library
Rouf Library, Jhenidah Cadet College (JCC), Bangladesh